UM Logo

Polygraphy expanded : (Record no. 17440)

MARC details
000 -LEADER
fixed length control field 00670nam a2200181 4500
005 - DATE AND TIME OF LATEST TRANSACTION
control field 20260330085543.0
008 - FIXED-LENGTH DATA ELEMENTS--GENERAL INFORMATION
fixed length control field 221019b ||||| |||| 00| 0 eng d
020 ## - INTERNATIONAL STANDARD BOOK NUMBER
International Standard Book Number 9786214182183
082 ## - DEWEY DECIMAL CLASSIFICATION NUMBER
Classification number DFil 363.254 M291 2022
100 ## - MAIN ENTRY--PERSONAL NAME
Personal name Malawis-Ignacio, Mary Grace B.
9 (RLIN) 46422
245 ## - TITLE STATEMENT
Title Polygraphy expanded :
Remainder of title a modern way of lie detection /
Statement of responsibility, etc. Mary Grace B. Malawis-Ignacio.
260 ## - PUBLICATION, DISTRIBUTION, ETC. (IMPRINT)
Place of publication, distribution, etc. Quezon City :
Name of publisher, distributor, etc. Wiseman's Books Trading, Inc.,
Date of publication, distribution, etc. ©2022.
300 ## - PHYSICAL DESCRIPTION
Extent iv, 174 pages :
Other physical details illustrations ;
Dimensions 22 cm.
500 ## - GENERAL NOTE
General note Includes bibliographical references.
650 ## - SUBJECT ADDED ENTRY--TOPICAL TERM
Topical term or geographic name as entry element Lie detectors and detection.
9 (RLIN) 46423
650 ## - SUBJECT ADDED ENTRY--TOPICAL TERM
Topical term or geographic name as entry element Lie detectors
General subdivision Use.
9 (RLIN) 46424
942 ## - ADDED ENTRY ELEMENTS (KOHA)
Source of classification or shelving scheme Dewey Decimal Classification
Koha item type Filipiniana
Holdings
Withdrawn status Lost status Source of classification or shelving scheme Damaged status Not for loan Collection code Home library Current library Date acquired Source of acquisition Cost, normal purchase price Total Checkouts Full call number Date last seen Copy number Price effective from Koha item type Barcode
    Dewey Decimal Classification     Filipiniana UM Digos College - LIC UM Digos College - LIC 08/16/2022 Purchased 350.00   DFil 363.254 M291 2022 10/19/2022 1 10/19/2022 Filipiniana  
    Dewey Decimal Classification     Filipiniana UM Digos College - LIC UM Digos College - LIC 08/16/2022 Purchased 350.00   DFil 363.254 M291 2022 05/15/2025 2 10/19/2022 Filipiniana 27033
    Dewey Decimal Classification     Filipiniana UM Digos College - LIC UM Digos College - LIC 08/16/2022 Purchased 350.00   DFil 363.254 M291 2022 05/15/2025 3 10/19/2022 Filipiniana 27034